LIBRARY & INFORMATION CENTRE, KCAET, TAVANUR

ONLINE PUBLIC ACCESS CATALOGUE (OPAC)

Introduction to Horticulture (Record no. 14691)

MARC details
000 -LEADER
fixed length control field 00300nam a22001217a 4500
020 ## - INTERNATIONAL STANDARD BOOK NUMBER
ISBN 9788120417540
082 ## - DEWEY DECIMAL CLASSIFICATION NUMBER
Classification number 635
Item number KUM/IN
100 ## - MAIN ENTRY--AUTHOR NAME
Personal name Kumar N.
245 ## - TITLE STATEMENT
Title Introduction to Horticulture
260 ## - PUBLICATION, DISTRIBUTION, ETC. (IMPRINT)
Place of publication New Delhi
Name of publisher Oxford and IBH Publishing Co. Pvt. Ltd
Year of publication 2013
300 ## - PHYSICAL DESCRIPTION
Number of Pages 440
942 ## - ADDED ENTRY ELEMENTS (KOHA)
Koha item type Books
Holdings
Withdrawn status Lost status Damaged status Collection code Home library Current library Shelving location Date acquired Source of acquisition Cost, normal purchase price Full call number Accession Number Koha item type
        KAUAET KAUAET General Stacks 27/07/2016 Professional Books. 295.00 635 KUM/IN 24235 Books
free website counter